00739nam a22001817a 450000500170000001000150001702000270003203500140005903700090007308200110008224501330009326000420022627000900026830000240035894200250038299900190040795201310042620240517170441.0 aENG-140376 c1700.00a9789392568503 aEN-123908 bDBAD a338.04 aEntrepreneurship Ecosystem In Chattisgarh : cEdited by Nilesh Kumar Tiwari and Manoj Kumar SahoobOpportunities And Challenges/ aChattisgarhbAditi Publication c2023 aOpp. New Panchajanya Vidya Mandir, Near Tiranga Chowk, Kushalpur, RaipurbChattisgarh axx,220p.:c20cm(pb) 2ddccENh338.04mENT c202990d202990 001040708NFICaBNbBNd2024-05-17eDBADg1700.00l0o338.04 ENTpEN-123908r2024-05-17 00:00:00t1v1700.00w2024-05-17yEN